Loading...
Science - Other Science | 0 | 3 | 0 | 1 | 30 | 100 | 114.67 | 0 | 0 |
Mythology | 0 | 3 | 0 | 1 | 30 | 112 | 133.67 | 0 | 0 |
Other | 0 | 3 | 0 | 1 | 30 | 45 | 106.00 | 0 | 1 |
Fine Arts - Classical Music | 0 | 4 | 3 | 1 | 25 | 108 | 119.00 | 1 | 1 |
History - Other History | 0 | 2 | 0 | 0 | 20 | 114 | 123.50 | 0 | 0 |
Science - Chemistry | 0 | 2 | 0 | 0 | 20 | 108 | 109.50 | 0 | 0 |
Fine Arts - Other Fine Arts | 0 | 2 | 1 | 0 | 15 | 129 | 142.00 | 0 | 1 |
Fine Arts - Painting & Sculpture | 0 | 1 | 0 | 0 | 10 | 134 | 134.00 | 0 | 0 |
Literature - World Literature | 0 | 1 | 0 | 1 | 10 | 135 | 135.00 | 0 | 0 |
Philosophy | 0 | 1 | 0 | 0 | 10 | 141 | 141.00 | 0 | 0 |
Science - Biology | 0 | 1 | 0 | 1 | 10 | 135 | 135.00 | 0 | 0 |
Religion | 0 | 1 | 1 | 0 | 5 | 128 | 128.00 | 0 | 0 |
History - World History | 0 | 0 | 0 | 0 | 0 | 0.00 | 0 | 0 |